101 textures in oil & acrylic / (Record no. 19621)

MARC details
000 -LEADER
fixed length control field 01218cam a22003615i 4500
001 - CONTROL NUMBER
control field 016219789
003 - CONTROL NUMBER IDENTIFIER
control field EG-ScBUE
005 - DATE AND TIME OF LATEST TRANSACTION
control field 20230111121724.0
008 - FIXED-LENGTH DATA ELEMENTS--GENERAL INFORMATION
fixed length control field 121120t2013 caua f 000 0 eng d
020 ## - INTERNATIONAL STANDARD BOOK NUMBER
International Standard Book Number 9781600582998 (pbk.)
020 ## - INTERNATIONAL STANDARD BOOK NUMBER
International Standard Book Number 1600582990
020 ## - INTERNATIONAL STANDARD BOOK NUMBER
International Standard Book Number 9781600582998
040 ## - CATALOGING SOURCE
Original cataloging agency StDuBDS
Language of cataloging eng
Description conventions rda
Transcribing agency StDuBDS
Modifying agency EG-ScBUE
082 04 - DEWEY DECIMAL CLASSIFICATION NUMBER
Classification number 751.426
Edition number 22
Item number TAV
100 1# - MAIN ENTRY--PERSONAL NAME
Personal name Tavonatti, Mia,
Relator term author.
9 (RLIN) 38678
245 10 - TITLE STATEMENT
Title 101 textures in oil & acrylic /
Statement of responsibility, etc by Mia Tavonatti.
246 3# - VARYING FORM OF TITLE
Title proper/short title One hundred and one textures in oil and acrylic
246 3# - VARYING FORM OF TITLE
Title proper/short title Hundred and one textures in oil and acrylic
246 34 - VARYING FORM OF TITLE
Title proper/short title 101 textures in oil & acrylic :
Remainder of title practical techniques for rendering a variety of surfaces
264 #1 - PUBLICATION, DISTRIBUTION, ETC. (IMPRINT)
Place of publication, distribution, etc Irvine, CA :
Name of publisher, distributor, etc Walter Foster,
Date of publication, distribution, etc [2013]
264 #4 - PUBLICATION, DISTRIBUTION, ETC. (IMPRINT)
Date of publication, distribution, etc c2013
300 ## - PHYSICAL DESCRIPTION
Extent 128 pages :
Other physical details illustrations ;
Dimensions 25 cm
336 ## - CONTENT TYPE
Source rdacontent
Content type term text
Content type code txt
337 ## - MEDIA TYPE
Source rdamedia
Media type term unmediated
Media type code n
338 ## - CARRIER TYPE
Source rdacarrier
Carrier type term volume
Carrier type code nc
650 #7 - SUBJECT ADDED ENTRY--TOPICAL TERM
Topical term or geographic name as entry element Texture (Art)
Source of heading or term BUEsh
650 #7 - SUBJECT ADDED ENTRY--TOPICAL TERM
Topical term or geographic name as entry element Acrylic painting
General subdivision Technique.
Source of heading or term BUEsh
9 (RLIN) 37852
650 #7 - SUBJECT ADDED ENTRY--TOPICAL TERM
Topical term or geographic name as entry element Painting
General subdivision Technique.
Source of heading or term BUEsh
9 (RLIN) 37955
651 ## - SUBJECT ADDED ENTRY--GEOGRAPHIC NAME
Source of heading or term BUEsh
653 ## - INDEX TERM--UNCONTROLLED
Resource For college Communication and mass media
Arrived date list June2015
-- November2015
655 ## - INDEX TERM--GENRE/FORM
Form subdivision Reading book
942 ## - ADDED ENTRY ELEMENTS (KOHA)
Source of classification or shelving scheme Dewey Decimal Classification
Koha item type Book - Borrowing
Holdings
Withdrawn status Lost status Source of classification or shelving scheme Damaged status Not for loan Collection code Home library Current library Shelving location Date acquired Source of acquisition Cost, normal purchase price Serial Enumeration / chronology Total Checkouts Total Renewals Full call number Barcode Date last seen Date checked out Cost, replacement price Koha item type
    Dewey Decimal Classification     Alahram Central Library Central Library Second Floor 11/06/2015 Purchase 145.00 434 5 15 751.426 TAV 000038610 04/03/2026 07/12/2023 181.25 Book - Borrowing